000 01556cam a22004574i 4500
003 PE-LiUPU
005 20250731172858.0
008 150617s r 000 0 d
020 _a9780310515784
035 _a(Sirsi) a165766
040 _aPE-LiUPU
_bspa
_cPE-LiUPU
_erda
049 _aPRUA
082 0 4 _a234.7
_bS29
_223
100 1 _aSchreiner, Thomas R.,
_eautor.
245 1 0 _aFaith alone :
_bthe doctrine of justification : what the reformers taught and why it still matters /
_cThomas Schreiner ; Matthew Barrett, series editor.
264 1 _aGrand Rapids, Michigan :
_bZondervan,
_c[2015].
300 _a288 páginas ;
_c22 centímetros.
336 _atext
_2rdacontent
337 _aunmediated
_2rdamedia
338 _avolume
_2rdacarrier
490 0 _aThe five solas series
505 0 _aA historical tour of sola fide -- A biblical and theological tour os sola fide -- Comtemporaru challenges to sola fide.
526 _aSEG42
526 _aSEG41
526 _aSEG40
526 _aSEG39
526 _aP94
526 _aP87
526 _aP86
526 _aP85
526 _aP77
526 _aP76
526 _aP35
650 0 4 _aFe.
_93098
650 0 4 _aJustificación (Teología).
942 _2ddc
_cBOOK
994 _aC0
_bPEPRU
596 _a1
999 _a234.7 S29
_wLC
_c14518
_i74924
_f2021-11-10
_g5
_lCCODEBUL1
_mBUL
_r0
_sY
_tBOOK
_u2016-12-29
_xTEOLOGIA
_PP85
_0COMPRA
_o.STAFF. Colección TEOLOGIA
_d14518
980 _81
_gALBERTO SANCHEZ Responsable de Automatización